LEADER 01056nam0-22003251--450- 001 990008189260403321 005 20120109122211.0 010 $a88-141-0315-1 035 $a000818926 035 $aFED01000818926 035 $a(Aleph)000818926FED01 035 $a000818926 100 $a20050921d2003----km-y0itay50------ba 101 0 $aita 102 $aIT 105 $ay---n---101yy 200 1 $aGiudice amministrativo e tutele in forma specifica$eatti della Tavola rotonda, Teramo, 3 maggio 2002$fa cura di Alberto Zito e Diego De Carolis 210 $aMilano$cGiuffrè$d2003 215 $aVII, 290 p.$d24 cm 225 1 $aCollana di Facoltà$fUniversità degli studi di Teramo, Facoltà di giurisprudenza$iN. S.$v11 676 $a342.450 664$v21$zita 702 1$aZito,$bAlberto 702 1$aDe Carolis,$bDiego 801 0$aIT$bUNINA$gRICA$2UNIMARC 901 $aBK 912 $a990008189260403321 952 $aSCUOLA C 38$b697$fDDA 959 $aDDA 996 $aGiudice amministrativo e tutele in forma specifica$9281009 997 $aUNINA LEADER 01061nam0-2200313---450- 001 990009724020403321 005 20130507111321.0 010 $a978-88-15-15026-4 035 $a000972402 035 $aFED01000972402 035 $a(Aleph)000972402FED01 035 $a000972402 100 $a20130507d2011----km-y0itay50------ba 101 0 $aita 102 $aIT 105 $aa-------001yy 200 1 $aGuida ai paesi dell'Europa centrale, orientale e balcanica$eannuario politico-economico 2010$fa cura di Francesco Privitera 210 $aBologna$cIl Mulino$d2011 215 $a378 p.$cill.$d24 cm 300 $aIn copertina: La crisi economica globale e il suo impatto sull'Europa centro-orientale e balcanica 702 1$aPrivitera,$bFrancesco 712 02$aCentro per l'Europa centro-orientale e balcanica 801 0$aIT$bUNINA$gREICAT$2UNIMARC 901 $aBK 912 $a990009724020403321 952 $aXIV F 276$b48348$fFSPBC 959 $aFSPBC 996 $aGuida ai paesi dell'Europa centrale orientale e balcanica$9507386 997 $aUNINA